Arrêts de bus de Nantes - Ligne C6 - Statistiques

Statistiques générales
  • Ce quiz a été pris 13 fois
  • Le résultat moyen est 27 sur 44
Statistiques - réponses
Commune Arrêts Correspondances % Correct
Nantes Chantrerie - Grandes Écoles 75
100%
Saint-Herblain Hermeland 59
100%
Nantes Ranzay 1, 23, 80
100%
Nantes Foch - Cathédrale 4, C1, 11, 12
89%
Nantes Place du Cirque 2, C1, C2, 11, 23
89%
Nantes Saint-Nicolas C1, C3, C8, 11, 23, 26
89%
Nantes Beaujoire 1, 75
78%
Nantes Bonde
78%
Nantes Éraudière 23
78%
Nantes Koufra 23
78%
Nantes Saint-Joseph de Porterie
78%
Nantes Batignolles 75
67%
Nantes Belges - Montbazon 10
67%
Nantes Bretéché
67%
Nantes Châlet
67%
Nantes Cochard
67%
Nantes Delorme C8, 26
67%
Nantes Hôtel de Ville C1, 11, 12
67%
Nantes, Saint-Herblain Le Nain C20
67%
Nantes Linot 75
67%
Saint-Herblain Polyclinique 59
67%
Nantes Portricq
67%
Nantes Roseraie 75
67%
Nantes Saint-Pierre C1, 11, 12
67%
Nantes Couchant
56%
Nantes, Saint-Herblain Dervallières C20
56%
Nantes Embellie
56%
Nantes Keren
56%
Nantes Lallié
56%
Nantes Moulin de Porterie 75
56%
Nantes Pontecorvo
56%
Nantes Vincent Auriol C3
56%
Nantes Coudray
44%
Nantes Guindré
44%
Nantes Harouys C8, 26
44%
Nantes Procé C3
44%
Saint-Herblain Ambroise Paré 59
33%
Nantes Mondésir C8, 26
33%
Nantes Poincaré C3, 10
33%
Nantes Saint-Laurent
33%
Saint-Herblain Tillay 59
33%
Nantes Camus
22%
Nantes Doumer
22%
Nantes Perron
22%
Aucun quiz correspondant
Distribution des résultats
% des personnes avec chaque résultat
Percentile par nombre de réponses
Votre historique - résultats
Vous n’avez pas pris ce quiz